| 000 | 00763nam a22002657a 4500 | ||
|---|---|---|---|
| 003 | OSt | ||
| 005 | 20241210142049.0 | ||
| 008 | 211126b |||||||| |||| 00| 0 eng d | ||
| 020 | _aT210 | ||
| 040 | _cSTCPL | ||
| 041 | _aENG | ||
| 082 |
_a820 _bDHA-P |
||
| 100 | _aDhannya | ||
| 110 | _aGuided by C.V. Thomas | ||
| 111 | _aMahatma Gandhi University Kottayam, Research and Post Graduate Department of English, St. Thomas College Palai | ||
| 245 |
_aPower and disability : _bA foucauldian reading of Kamala Markandaya's novels / _cby Dhannya |
||
| 260 |
_aPala : _cDecember 2018 |
||
| 300 |
_a230p. _bHB |
||
| 650 | _aEnglish | ||
| 856 | _uhttp://hdl.handle.net/10603/391258 | ||
| 942 | _cTHE | ||
| 942 | _2ddc | ||
| 942 |
_2ddc _n0 |
||
| 942 |
_2ddc _n0 |
||
| 999 |
_c75387 _d75387 |
||